| 000 | 01832nam a2200505 c 4500 | ||
|---|---|---|---|
| 001 | 20 | ||
| 003 | ES-MaCES | ||
| 005 | 20220719115421.0 | ||
| 008 | 950214s1994 sp ||| | spa d | ||
| 017 |
_aM.13.370-1994 _bDL |
||
| 020 | _a8477382336 | ||
| 035 | _aCES19980000202m | ||
| 040 |
_aES-MaCES _bspa _cES-MaCES |
||
| 100 | 1 |
_aÁlvarez Nebreda, Carlos _96153 |
|
| 245 | 1 | 0 |
_aAdministración sanitaria y sistemas de salud _cCarlos Álvarez Nebreda |
| 260 |
_aMadrid _bEditorial Síntesis _cD.L. 1994 |
||
| 300 |
_a287 p. _c23 cm |
||
| 490 | 1 | _aProyecto editorial Enfermería, Fisioterapia y Podología. Enfermería | |
| 505 | 1 | _aBibliografía: p. 285-287 | |
| 541 | _cCompra | ||
| 610 | 1 | 7 |
_aEspaña _tLey de Seguridad Social, 1974 _2 _93054 |
| 610 | 1 | 4 |
_aEspaña _tLey de sanidad _d1986 _93052 |
| 610 | 2 | 7 |
_aInstituto Nacional de la Salud (España) _2 _94282 |
| 610 | 2 | 4 |
_aInstituto Nacional de Servicios Sociales (España) _94300 |
| 610 | 2 | 4 |
_aInstituto Nacional de Seguridad Social (España) _94299 |
| 610 | 2 | 4 |
_aInstituto Social de la Marina (España) _94323 |
| 650 | 4 |
_aseguridad social _927034 |
|
| 650 | 4 |
_aadministración de la seguridad social _930264 |
|
| 650 | 4 |
_afinanciación de la seguridad social _930265 |
|
| 650 | 4 |
_alegislación de seguridad social _929855 |
|
| 650 | 4 |
_aservicio de salud _927058 |
|
| 650 | 4 |
_apolítica sanitaria _929366 |
|
| 650 | 4 |
_apersonal médico _927060 |
|
| 650 | 4 |
_aenfermera _928493 |
|
| 650 | 4 |
_aOMS _926738 |
|
| 650 | 4 |
_acomparación _928892 |
|
| 650 | 4 |
_aorganigrama _929631 |
|
| 650 | 4 |
_acuadros estadísticos _928890 |
|
| 650 | 4 |
_aEspaña _926964 |
|
| 653 | 1 | 0 | _aSalud |
| 830 | 0 |
_aProyecto editorial Enfermería, Fisioterapia y Podología _pEnfermería _932066 |
|
| 902 | _aLIB Libro | ||
| 942 |
_2CES _cBK _h3.1. |
||
| 999 |
_c20 _d20 |
||